000 00611nam a2200241Ia 4500
001 14546
005 20240113235540.0
007 ta
008 051125s a g b000 u 465 u
040 _aCotton College Assam
041 _a465
082 _a590
_bR 18 P
100 _aRao, H. Srinivasa .
245 0 _aProgress of Sciences in India /
_cH. Srinivasa Rao.
_hTextual Documents
250 _a1st ed. /
260 _aSl :
_bSn ,
_cnd.
300 _av,189p. :
_bill ;
_c23cm .
653 _aZoology
653 _aG-Zoology
942 _2ddc
_cBK
999 _c14532
_d14532